| 000 | 00895nac a22002897a 4500 | ||
|---|---|---|---|
| 001 | BR9300328 | ||
| 003 | BR-BrBNA | ||
| 005 | 20240105121336.0 | ||
| 008 | 230509b bl.|||m| |||| 00| 0 por d | ||
| 040 |
_aBR-BrBNA _bpor _cBiblioteca Nacional de Agricultura |
||
| 072 | _aH10 | ||
| 090 | _a1112 BR9300328 | ||
| 100 | 1 | _aAlves, P.M.P. | |
| 100 | 1 | _aCosta, J.N.M. | |
| 110 | 1 | _aCentro de Pesquisa Agroflorestal de Rondonia, Porto Velho (Brasil) | |
| 245 | 1 | _aControle da broca-da-bananeira, (Cosmopolites sordidus) | |
| 260 | 3 |
_aPorto Velho, RO (Brasil): _c1992. |
|
| 300 | _a4 p. | ||
| 490 |
_aComunicado Tecnico - Centro de Pesquisa Agroflorestal de Rondonia (Brazil) _vno. 101 _xISSN 0103-9458 |
||
| 500 | _a9 ref. | ||
| 650 | _aBanana | ||
| 650 | _aBroca | ||
| 650 | _aIsca | ||
| 650 | _aRondonia | ||
| 909 |
_a202312 _bLúcia Elande _c55 _dLúcia Elande |
||
| 942 |
_2AGRIS _n0 _cMS |
||
| 999 |
_c284747 _d284747 |
||